000
00271nam a22001217a 4500
040
_c
RUA
082
_a
CAM KEA 2011 C160 Or.
100
_a
KEA BORATH,
245
_a
Writing Skills ,
260
_a
PHNOM PENH
_b
RUA
_c
2011
300
_a
iii,119p.
_b
ill.
_c
29cm.
942
_c
EK
999
_c
25516
_d
25516